| 000 | 00521nam a2200133Ia 4500 | ||
|---|---|---|---|
| 008 | 171212s9999 xx 000 0 und d | ||
| 020 | _a9781911576167 | ||
| 100 | _aBentham, Jeremy;Milne, Alexander Taylor;Dinwiddy, John R. | ||
| 245 |
_cBentham, Jeremy;Milne, Alexander Taylor;Dinwiddy, John R. _aCorrespondence of Jeremy Bentham, Volume 4 _bOctober 1788 to December 1793 |
||
| 260 |
_bUCL Press _c2017 |
||
| 440 | _aCorrespondence of Jeremy Bentham | ||
| 650 | _aHistory | ||
| 856 | _uhttp://jstor.org/stable/j.ctt1qnw8kd | ||
| 999 |
_c352862 _d352862 |
||